000 00791nam a22002777a 4500
001 0063019
003 KOHA_MİRAKIL
005 20260207004428.0
007
008 181106b2015 tu |||gr||||#||||0|tur |
020 _a9786054627929
_cxxxxx
040 _aTR-BiSEU
_btur
_cTR-BiSEU
_erda
041 0 _atur
044 _ctu
050 _aHG1641
_b.O98 2015
100 1 _aÖztürk, Kezban.
245 1 _aKredi politikası ve değerlendirmesi/
_cKezban Öztürk ; Kezban Öztürk.
264 1 _aAnkara :
_bSiyasal Kitabevi
_c2015
300 _a175 sayfa; 24 cm.
336 _ametin
_btxt
_2rdacontent
337 _aaracısız
_bn
_2rdamedia
338 _acilt
_bnc
_2rdacarrier
650 0 _aKredi--Yönetim.
_916172
650 0 _aCredit--Management.
_916170
942 _2lcc
_cBK
999 _c62815
_d62815